000 00426nam a22001697a 4500
005 20160513144728.0
008 160513b xxu||||| |||| 00| 0 eng d
020 _a81-7866783-5
041 _aeng
082 _b2085
100 _aSuja R. Nair
_9591
245 _aConsumer Behaviour in Indian Presrective
260 _aNew Delhi
_bHimalaya Publishing House,
_c2004
300 _a537
650 _aManagement
_9241
942 _cBK
999 _c763
_d763